| 000 | 00760nam a2200253Ia 4500 | ||
|---|---|---|---|
| 003 | OSt | ||
| 005 | 20221005085449.0 | ||
| 006 | a|||||r|||| 00| 0 | ||
| 007 | ta | ||
| 008 | 221004b |||||||| |||| 00| 0 eng d | ||
| 020 |
_a9780823254118 (hbk) _c3304 |
||
| 024 | _a22119 | ||
| 037 |
_b985, 12/03/2015, Bright Book Service _cTextual |
||
| 040 |
_aCRL _cCRL _beng |
||
| 041 |
_2eng _aeng |
||
| 082 | _aR6xM44:g, Q4 | ||
| 100 |
_aChouraqui Frank _9614208 |
||
| 245 | 0 | _aAmbiguity and the absolute | |
| 260 |
_aNew York _bfordham University Press USA _c2014 |
||
| 300 |
_axviii,304p. _ccm. |
||
| 650 | _aPHILOSOPHY | ||
| 942 |
_hR6xM44:g, Q4 _cTEXL _2cc |
||
| 999 |
_c994254 _d994254 |
||